[Event "IX EICC"]
[Site "Plovdiv BUL"]
[Date "2008.04.23"]
[Round "3"]
[White "Dizdar,G"]
[Black "Miton,K"]
[Result "1-0"]
[WhiteElo "2548"]
[BlackElo "2620"]

1.Nf3 Nf6 2.g3 g6 3.Bg2 Bg7 4.c4 O-O 5.d4 d6 6.Nc3 c6 7.O-O Bf5 8.Qb3 Qb6
9.Re1 Na6 10.e4 Bg4 11.Be3 Nd7 12.Qc2 c5 13.d5 Bxf3 14.Bxf3 Qd8 15.Qd2 Nc7
16.Be2 a6 17.a4 Qb8 18.Rab1 e5 19.a5 f5 20.exf5 gxf5 21.f4 Ne8 22.Nd1 Nef6
23.Nf2 exf4 24.Bxf4 Ne5 25.Rf1 Qc7 26.Rbe1 Rae8 27.b3 Kh8 28.Bd1 Ng6 29.Bg5 Rxe1
30.Rxe1 Ng4 31.Nxg4 fxg4 32.Bxg4 Bd4+ 33.Be3 Bxe3+ 34.Rxe3 Qg7 35.Be2 Ne5
36.Re4 Ng6 37.Kg2 Qf6 38.Qe3 Qb2 39.Re6 Rf5 40.Kh3 Kg7 41.Rxd6 Rf7 42.Re6 Qb1
43.Kg2 Kf8 44.d6 Qf5 45.Bd3 Qg4 46.Bxg6 hxg6 47.Qe4  1-0

[Event "IX EICC"]
[Site "Plovdiv BUL"]
[Date "2008.04.24"]
[Round "4"]
[White "Pantsulaia,L"]
[Black "Szabo,G ROM"]
[Result "1-0"]
[WhiteElo "2617"]
[BlackElo "2516"]

1.Nf3 Nf6 2.c4 g6 3.g3 Bg7 4.Bg2 O-O 5.O-O d5 6.cxd5 Nxd5 7.d4 Nb6 8.Nc3 Nc6
9.e3 e5 10.d5 Na5 11.e4 c6 12.Bg5 f6 13.Be3 cxd5 14.Bxb6 Qxb6 15.Nxd5 Qd8
16.Rc1 Nc6 17.Qb3 Rf7 18.Rfd1 Be6 19.h4 Rc8 20.Kh2 Na5 21.Qe3 Rxc1 22.Rxc1 Nc6
23.Bh3 Bxd5 24.exd5 Qxd5 25.Bf1 Qxa2 26.b4 Qb2 27.b5 Na5 28.Rd1 b6 29.Bh3 Re7
30.Rd8+ Bf8 31.Nd2 Qxb5 32.Ne4 Qb3 33.Nxf6+ Kf7 34.Rxf8+ Kxf8 35.Qh6+ Kf7
36.Nxh7 Re8 37.Ng5+ Ke7 38.Qg7+ Kd6 39.Ne4+ Kd5 40.Qd7+  1-0

[Event "IX EICC"]
[Site "Plovdiv BUL"]
[Date "2008.04.30"]
[Round "9"]
[White "Chudinovskikh,A"]
[Black "Elkin,L"]
[Result "1/2-1/2"]
[WhiteElo "2392"]
[BlackElo "2213"]

1.Nf3 Nf6 2.c4 g6 3.g3 Bg7 4.Bg2 O-O 5.O-O d6 6.Nc3 Nc6 7.d3 e5 8.Rb1 h6
9.b4 Be6 10.b5 Ne7 11.a4 Qd7 12.a5 Bh3 13.b6 Bxg2 14.Kxg2 axb6 15.axb6 c6
16.c5 Ned5 17.Bb2 Nxc3 18.Bxc3 Nd5 19.Bb2 dxc5 20.Nxe5 Qe6 21.Nc4 Ra2 22.Qb3 Rfa8
23.Bxg7 Kxg7 24.Rb2 Ra1 25.Rxa1 Rxa1 26.e3 h5 27.h4 g5 28.hxg5 h4 29.Rb1 Rxb1
30.Qxb1 Qg4 31.Qb2+ Kg8 32.Qe5 h3+ 33.Kh2 Qf3 34.Kxh3 Qxf2 35.Qe4 Qf1+ 36.Kh4 Qf2
37.g6 Qh2+ 38.Kg5 Qxg3+ 39.Qg4 f6+ 40.Kh5 Qh2+ 41.Qh4 Qe2+ 42.Qg4 Qh2+  1/2-1/2

[Event "XXI Open"]
[Site "Benidorm ESP"]
[Date "2008.05.03"]
[Round "9"]
[White "Matamoros Franco,C"]
[Black "Vassallo,M"]
[Result "1/2-1/2"]
[WhiteElo "2515"]
[BlackElo "2383"]

1.Nf3 Nf6 2.c4 g6 3.g3 Bg7 4.Bg2 O-O 5.O-O c6 6.d4 d6 7.Nc3 Nbd7 8.e4 e5
9.b3 Re8 10.h3 exd4 11.Nxd4 Nc5 12.Re1 a5 13.Rb1 Qe7 14.Bf4 Nfd7 15.Be3 h5
16.f4 Nf8 17.Bf2 h4 18.g4 Nfe6 19.Qd2 Nxd4 20.Bxd4 Bxd4+ 21.Qxd4 Ne6 22.Qd2 g5
23.Nd5 Qd8 24.f5 Nc5 25.f6 Re5 26.Ne7+ Kh7 27.Rbd1 Be6 28.Kh1 Kh6 29.Qf2 Qc7
30.Rd4 a4 31.b4  1/2-1/2

[Event "Open"]
[Site "Halkidiki GRE"]
[Date "2008.05.03"]
[Round "6"]
[White "Nikolaou,G"]
[Black "Bayram,Y"]
[Result "1/2-1/2"]
[WhiteElo "2271"]
[BlackElo "2337"]

1.Nf3 Nf6 2.c4 g6 3.g3 Bg7 4.Bg2 O-O 5.O-O c6 6.d3 d5 7.Qc2 Re8 8.e4 e5 9.Nc3 dxe4
10.dxe4 Nbd7 11.h3 Nc5 12.Rd1 Nfd7 13.Be3 Qe7 14.b4 Ne6 15.c5 a5 16.a3 axb4
17.axb4 Nd4 18.Qb2 Rxa1 19.Rxa1 Nxf3+ 20.Bxf3 Nf8 21.Bg2 f5 22.Rd1 f4 23.Bc1 Ne6
24.Qb3 Kh8 25.Ne2 fxg3 26.fxg3 Nd4 27.Nxd4 exd4 28.Bf4 Be5 29.Bxe5+ Qxe5
30.Qf7 Rd8 31.Qf4 Qxf4 32.gxf4 Kg7 33.Kf2 Kf6 34.h4 h6 35.Kf3 g5 36.hxg5+ hxg5
37.e5+ Kg6 38.Bf1 g4+ 39.Kg3 Bf5 40.Be2 Kf7 41.Bd3 Kg6 42.Be2 d3 43.Bxg4 d2
44.Bxf5+ Kxf5 45.Kf3 Rd4 46.Ke3 Rxf4 47.Kxd2 Rxb4 48.Re1 Ke6 49.Kc3 Ra4 50.Re2 Ra8
51.Kc4 Rd8 52.Rb2 Rd7 53.Re2 Rh7 54.Kd4 Rd7+ 55.Kc4 Kf5 56.Re1 Rh7 57.Re2 Rh4+
58.Kc3 Ke6 59.Re1 Rg4 60.Re2 Rg7 61.Kc4 Rd7 62.Re1 Rd2 63.Re3 Rc2+ 64.Kd4 Ra2
65.Re1 Ra4+ 66.Kc3 Rg4 67.Re2 Rg8 68.Kc4 Rf8 69.Re1 Rf5 70.Rb1 Rxe5 71.Rxb7 Re4+
72.Kd3 Ra4 73.Rh7 Rf4  1/2-1/2

[Event "XXI Open"]
[Site "Benidorm ESP"]
[Date "2008.05.04"]
[Round "10"]
[White "Paunovic,D"]
[Black "Libiszewski,F"]
[Result "1/2-1/2"]
[WhiteElo "2532"]
[BlackElo "2465"]

1.Nf3 Nf6 2.c4 g6 3.g3 Bg7 4.Bg2 O-O 5.O-O d6 6.Nc3 Nc6 7.d3 Bd7 8.Rb1 Qc8
9.b4 Bh3 10.b5 Nd8 11.Bd2 c5 12.bxc6 Nxc6 13.Qb3 Rb8 14.Nd5 Bxg2 15.Kxg2 e6
16.Nb4 Nd7 17.Nxc6 Qxc6 18.Qb5 Rfc8 19.a4 Qc7 20.Be3 a6 21.Qb4 b6 22.Qa3 Nc5
23.Rb4 Bf8 24.Rfb1 Nd7 25.Qb2 d5 26.Bxb6 Nxb6 27.Rxb6 Rxb6 28.Qxb6 dxc4 29.Qxa6 c3
30.Rc1 Ba3 31.Rc2 Bb2 32.Qb5 Rb8 33.Qe5 Qb7 34.h4 Rd8 35.Qb5 Qa8 36.e4 Qb8
37.Qxb8 Rxb8 38.Ne5 Ra8 39.Nc4 Rxa4 40.Nxb2 cxb2 41.Rxb2 Rd4 42.Rb3 e5 43.Kf3 h5
44.Ke3 Rd7 45.Rb5 f6 46.f4 Re7 47.Rb6 Kf7 48.Rd6 Ra7 49.Kf3 Rb7 50.Ke3 Ra7
51.Rb6 Rc7 52.Rb1 Ra7 53.Rf1 Kg7 54.Rg1 Kf7 55.Rd1 Ra3 56.Rf1 Kg7 57.Rb1 Ra7
58.Rb5 Re7 59.Rd5 Kf7 60.Kf3 Ke6 61.g4 hxg4+ 62.Kxg4 exf4 63.Kxf4 Rh7 64.Kg3 f5
65.Ra5 Rd7 66.exf5+ gxf5 67.Ra3 Rd4 68.h5 Kf6 69.h6 Kg6 70.Ra6+ Kh7  1/2-1/2

[Event "43rd Capablanca Memorial Open"]
[Site "Havana CUB"]
[Date "2008.05.10"]
[Round "3"]
[White "Valdes,Le"]
[Black "Matsuura,E"]
[Result "1/2-1/2"]
[WhiteElo "2409"]
[BlackElo "2500"]

1.Nf3 Nf6 2.c4 g6 3.g3 Bg7 4.Bg2 O-O 5.O-O d5 6.cxd5 Nxd5 7.Nc3 Nc6 8.Nxd5 Qxd5
9.d3 Qb5 10.Rb1 a5 11.a4 Qh5 12.Qc2 Bh3 13.Bd2 Bxg2 14.Kxg2 Qd5 15.Kg1 Rfc8
16.b4 axb4 17.Bxb4 e6 18.Bd2 b6 19.Rfc1 Nd4 20.Nxd4 Qxd4 21.Be3 Qxa4 22.Qxa4 Rxa4
23.Rxb6 Ra1 24.Rxa1 Bxa1 25.Rc6 Be5 26.Bc5 Rd8 27.Bb4 Rb8 28.Be7 Re8 29.Bc5 Rd8
30.Bb4  1/2-1/2

[Event "43rd Capablanca Memorial Open"]
[Site "Havana CUB"]
[Date "2008.05.12"]
[Round "5"]
[White "Valdes,Le"]
[Black "Hansen,SuB"]
[Result "1/2-1/2"]
[WhiteElo "2409"]
[BlackElo "2549"]

1.Nf3 Nf6 2.c4 g6 3.g3 Bg7 4.Bg2 O-O 5.O-O c6 6.b3 Ne4 7.d4 d5 8.Bb2 Nd7
9.Nfd2 Ndf6 10.Nxe4 Nxe4 11.Nd2 Nf6 12.e3  1/2-1/2

[Event "Mayors Cup Open"]
[Site "Mumbai IND"]
[Date "2008.05.14"]
[Round "5"]
[White "Gagare,Shal"]
[Black "Rajesh,VA"]
[Result "0-1"]
[WhiteElo "2090"]
[BlackElo "2259"]

1.c4 Nf6 2.g3 g6 3.Bg2 Bg7 4.Nf3 O-O 5.O-O c5 6.Nc3 Nc6 7.d3 a6 8.a3 Rb8
9.Rb1 b5 10.cxb5 axb5 11.b4 cxb4 12.axb4 d6 13.Bd2 Bg4 14.h3 Bd7 15.Qc2 h6
16.Rfc1 Kh7 17.Be3 Ne8 18.Qd1 Nc7 19.d4 Na6 20.d5 Ncxb4 21.Bd4 f6 22.Qd2 Qe8
23.Ba7 Rc8 24.Nd4 Qd8 25.Qe3 f5 26.Ncxb5 Bxb5 27.Nxb5 Qd7 28.Qb6 Rb8 29.Bxb8 Rxb8
30.Qa7 Rb7 31.Qa8 Rxb5 32.Qc8 Qxc8 33.Rxc8 Rc5 34.Rc1 Rxc1+ 35.Rxc1 Bd4 36.e3 Bc5
37.Kf1 Nc7 38.Rd1 Nb5 39.Rc1 Kg7 40.Ke2 Kf6 41.f4 Na3 42.e4 Nac2 43.exf5 Nd4+
44.Kf1 Nxf5 45.Bf3 Nxg3+ 46.Kg2 Nf5 47.Re1 Nd3 48.Re4 Nh4+  0-1

[Event "43rd Capablanca Memorial Open"]
[Site "Havana CUB"]
[Date "2008.05.15"]
[Round "8"]
[White "Valdes,Le"]
[Black "De la Paz Perdomo,F"]
[Result "1/2-1/2"]
[WhiteElo "2409"]
[BlackElo "2483"]

1.Nf3 Nf6 2.c4 g6 3.g3 Bg7 4.Bg2 O-O 5.O-O d6 6.Nc3 a6 7.Rb1 c6 8.b3 b5 9.Bb2 Re8
10.e3 e5 11.d3 d5 12.a4 Qb6 13.axb5 axb5 14.cxb5 cxb5 15.Nxe5 Rxe5 16.Nxd5 Rxd5
17.Bxf6 Bxf6 18.Bxd5 Ra7 19.Qf3 Kg7 20.d4 h5 21.Ra1 Na6 22.Rfc1 Bg4 23.Qg2 Nb4
24.Be4 Be6 25.Rxa7 Qxa7 26.Qf1 Qb6 27.Rc5 Bd7 28.Bg2 Qe6 29.Qd1 Be7 30.Rc1 Na2
31.Rc7 b4 32.d5 Qd6 33.Qd4+ Bf6 34.Qa7 Be8 35.Rc8 Bd7 36.Rc7 Be8 37.Rc8 Bd7
38.Rc7 Be8  1/2-1/2

[Event "TCh-ISR"]
[Site "Israel ISR"]
[Date "2008.05.16"]
[Round "8"]
[White "Alterman,B"]
[Black "Oratovsky,M"]
[Result "1-0"]
[WhiteElo "2558"]
[BlackElo "2524"]

1.Nf3 g6 2.c4 Bg7 3.g3 Nf6 4.Bg2 O-O 5.O-O c6 6.b3 d6 7.Bb2 Qa5 8.d4 Qh5
9.Nbd2 Bh3 10.e4 Nbd7 11.Re1 Rfd8 12.Qe2 e5 13.d5 Bh6 14.Qf1 Bxg2 15.Kxg2 Ne8
16.h3 f5 17.dxc6 bxc6 18.Rad1 Nef6 19.c5 Nxc5 20.Qc4+ Kh8 21.Nxe5 dxe5 22.Qxc5 Rxd2
23.Rxd2 Bxd2 24.Qd6 Bxe1 25.Qxf6+ Kg8 26.Bxe5 Qh6 27.Qe6+ Kf8 28.Bd6+ Kg7
29.Bf4 Qh5 30.Be5+ Kf8 31.Qf6+  1-0

[Event "Mayors Cup Open"]
[Site "Mumbai IND"]
[Date "2008.05.16"]
[Round "8"]
[White "Shiva,Mu"]
[Black "Shailendra,B"]
[Result "0-1"]
[WhiteElo "1988"]
[BlackElo "2184"]

1.c4 g6 2.g3 Bg7 3.Bg2 Nf6 4.Nf3 O-O 5.Nc3 c5 6.O-O d5 7.cxd5 Nxd5 8.Nxd5 Qxd5
9.d3 Nc6 10.Nd2 Qh5 11.Nb3 Bg4 12.f3 Be6 13.g4 Qh4 14.Rb1 Rfd8 15.Qc2 Rac8
16.Be3 b6 17.Kh1 Nb4 18.Qd2 h6 19.Nc1 a5 20.a3 Nd5 21.Bf2 Qf6 22.e3 Bd7 23.Ne2 Bb5
24.Rfd1 e5 25.Ng3 Nc7 26.Qc2 Qd6 27.Bf1 Ne6 28.Qb3 Qc6 29.Bg2 Ba4 30.Qc4 b5
31.Qc1 Bxd1 32.Qxd1 c4 33.f4 Qd7 34.f5 Nc5 35.d4 exd4 36.Qf3 d3 37.e4 Bxb2
38.Rxb2 d2  0-1

[Event "TCh-CHN Torch Real Estate Cup"]
[Site "Jiangsu Wuxi CHN"]
[Date "2008.05.20"]
[Round "8"]
[White "Harika,D"]
[Black "Ju Wenjun"]
[Result "1/2-1/2"]
[WhiteElo "2461"]
[BlackElo "2374"]

1.Nf3 Nf6 2.c4 g6 3.g3 Bg7 4.Bg2 O-O 5.O-O d5 6.d4 c6 7.Qb3 dxc4 8.Qxc4 Bf5
9.Bf4 Nbd7 10.Qc1 Re8 11.Rd1 Qc8 12.Nc3 Nd5 13.Nxd5 cxd5 14.Qe3 Qc2 15.Ne5 Nf6
16.Qd2 Rac8 17.Rdc1 Qxd2 18.Bxd2 Ng4 19.Nxg4 Bxg4 20.e3 e5 21.dxe5 Bxe5 22.Bc3 Bxc3
23.Rxc3 Rxc3 24.bxc3 Be6 25.Rd1  1/2-1/2

[Event "17th Open"]
[Site "Chicago USA"]
[Date "2008.05.23"]
[Round "?"]
[White "Mabe,C"]
[Black "Airapetian,C"]
[Result "1/2-1/2"]
[WhiteElo "2258"]
[BlackElo "2092"]

1.Nf3 Nf6 2.c4 g6 3.g3 Bg7 4.Bg2 O-O 5.O-O d6 6.d4 Nc6 7.Nc3 e5 8.d5 Nb8
9.e4 a5 10.c5 Na6 11.cxd6 cxd6 12.Nd2 Nc5 13.Nc4 b6 14.Re1 Ba6 15.Bf1 b5
16.Nd2 Qd7 17.Nb3 b4 18.Nxc5 dxc5 19.Bxa6 Rxa6 20.Qd3 Rb6 21.Nd1 Qh3 22.f3 Nd7
23.b3 f5 24.Bg5 fxe4 25.fxe4 Qh5 26.Be7 Rf7 27.d6 Bf8 28.Qd5 Kg7 29.Bxf8+ Rxf8
30.Nb2 Rbb8 31.Nc4 Rf7 32.Rf1 Rbf8 33.Rxf7+ Rxf7 34.Rf1 Rxf1+ 35.Kxf1 Qxh2
36.Nxe5 Qh1+ 37.Kf2 Qh2+ 38.Ke3 Qg1+ 39.Kf3 Qf1+ 40.Ke3 Qe1+ 41.Kf3 Qf1+  1/2-1/2

[Event "115th ch-SCO"]
[Site "Glasgow SCO"]
[Date "2008.06.07"]
[Round "3"]
[White "McClement,A"]
[Black "Nickl,K"]
[Result "0-1"]
[WhiteElo "1764"]
[BlackElo "2149"]

1.Nf3 Nf6 2.g3 g6 3.Bg2 Bg7 4.c4 O-O 5.O-O d6 6.Nc3 Nc6 7.Rb1 a5 8.a3 e5
9.d3 h6 10.b4 axb4 11.axb4 Be6 12.b5 Ne7 13.Bb2 Qd7 14.Re1 Bh3 15.Bh1 Ng4
16.Qb3 Kh7 17.Ne4 Kh8 18.Rec1 f5 19.Ned2 g5 20.c5 d5 21.c6 bxc6 22.bxc6 Qd6
23.Ra1 Rxa1 24.Rxa1 Qxc6 25.Rc1 Qb6 26.Qxb6 cxb6 27.Ba3 Bf6 28.d4 e4 29.Ne5 Rc8
30.Rxc8+ Nxc8 31.f4 gxf4 32.gxf4 Kg7 33.Nb1 Bh4 34.Nxg4 Bxg4 35.e3 Be2 36.Bg2 Be7
37.Nc3 Bc4 38.Bxe7 Nxe7 39.Bf1 Kf6 40.Kf2 Ke6 41.Be2 Nc8 42.Bh5 Nd6 43.Ke1 b5
44.Kd2 Bd3 45.Nd1 b4 46.Nb2 Nc4+ 47.Nxc4 dxc4 48.Bd1 c3+ 49.Kc1 Bc4 50.Kc2 Kd6
51.Bh5 Bb5 52.Bf7 Ba4+ 53.Kb1 b3 54.Bc4 b2 55.h4 Kc7 56.h5 Kb6 57.Be6 Bb5
58.Bb3 Bd3+ 59.Bc2 Kc6 60.d5+ Kxd5 61.Bxd3 exd3 62.e4+ Kxe4 63.Ka2 d2 64.Ka3 d1=Q
65.Kb4 b1=Q+ 66.Ka5 Qd8+ 67.Ka4 Qa8+  0-1

[Event "XXX Nezhmetdinov Mem"]
[Site "Kazan RUS"]
[Date "2008.06.09"]
[Round "9"]
[White "Zablotsky,S"]
[Black "Gubajdullin,A"]
[Result "1-0"]
[WhiteElo "2508"]
[BlackElo "2456"]

1.Nf3 Nf6 2.g3 g6 3.Bg2 Bg7 4.c4 O-O 5.Nc3 d6 6.d4 c5 7.O-O Nc6 8.dxc5 dxc5
9.Bf4 Be6 10.Ne5 Na5 11.Qc2 Nh5 12.Rad1 Qc8 13.Nd5 Re8 14.Bd2 Bxe5 15.Bxa5 Bh3
16.Nxe7+ Rxe7 17.Rd8+ Qxd8 18.Bxd8 Rxd8 19.Bxh3 Ree8 20.e3 b6 21.b3 Rd6 22.Rd1 Red8
23.Rxd6 Bxd6 24.g4 Ng7 25.Bg2 Bf8 26.Bd5 Ne8 27.g5 Nd6 28.Kg2 Bg7 29.h4 Re8
30.Kh3 Kf8 31.Qd2 h6 32.b4 cxb4 33.Qxb4 Rd8 34.Qa3 hxg5 35.hxg5 a5 36.Qb3 Rb8
37.c5 a4 38.Qb4  1-0

[Event "TCh-BIH"]
[Site "Neum BIH"]
[Date "2008.06.10"]
[Round "7"]
[White "Bogut,Z"]
[Black "Narancic,V"]
[Result "0-1"]
[WhiteElo "2460"]
[BlackElo "2359"]

1.c4 Nf6 2.Nf3 g6 3.g3 Bg7 4.Bg2 O-O 5.O-O d6 6.Nc3 c6 7.d3 Re8 8.Rb1 a5
9.a3 e5 10.b4 axb4 11.axb4 d5 12.b5 Bf5 13.bxc6 bxc6 14.cxd5 cxd5 15.Bg5 h6
16.Bxf6 Bxf6 17.Nxd5 Qxd5 18.e4 Bxe4 19.dxe4 Qe6 20.Qd5 Ra6 21.Qxe6 Raxe6
22.Rfd1 Kg7 23.h4 Rc6 24.Bh3 Rc3 25.Kg2 Na6 26.Rdc1 Rxc1 27.Rxc1 Rb8 28.Rc6 Nb4
29.Rc7 Na6 30.Rc6 Nb4 31.Rc5 Nd3 32.Rc3 Nb2 33.Rc7 Kf8 34.Bd7 Bd8 35.Rc5 f6
36.h5 gxh5 37.Nh4 Nd1 38.Rc1 Nb2 39.Nf5 Bb6 40.Rc6 Bd8 41.Re6 Kf7 42.Nxh6+ Kg6
43.Nf5 Nd3 44.Rd6 Nc5 45.Nh4+ Kf7 46.Bf5 Be7 47.Rd2 Rb4 48.Re2 Bf8 49.Ra2 Bh6
50.Ra7+ Ke8 51.Rh7 Bg5 52.Rxh5 Nxe4 53.Rh8+ Kf7 54.Nf3 Nd6 55.Rh7+ Kg8 56.Bg6 Rb7
57.Rh5 Kg7 58.Bc2 Bh6 59.Rh1 Rb2 60.Ne1 Bd2 61.Bd1 e4 62.Nc2 f5 63.Kf1 Nb5
64.Kg2 Kg6 65.Bh5+ Kf6 66.Bd1 Nc3 67.Nd4 Be3 68.Rf1 Bxd4 69.Bh5 Kg5 70.Be8 Rd2
71.Kh3 Nd1 72.f4+ exf3 73.Rxf3 Nf2+ 74.Kg2 Ng4+  0-1

[Event "ch-Panamerican U20"]
[Site "Cali COL"]
[Date "2008.06.12"]
[Round "4"]
[White "Panesso,H"]
[Black "Cori,J"]
[Result "0-1"]
[WhiteElo "2229"]
[BlackElo "2377"]

1.Nf3 Nf6 2.g3 g6 3.Bg2 Bg7 4.c4 O-O 5.O-O d6 6.Nc3 e5 7.d3 Nc6 8.Rb1 Nh5
9.b4 h6 10.b5 Ne7 11.Nd5 f5 12.Nd2 Nf6 13.e3 Nexd5 14.cxd5 b6 15.Bb2 a6 16.a4 Bb7
17.e4 Nd7 18.f4 Nc5 19.Qc2 axb5 20.axb5 fxe4 21.dxe4 Qe7 22.Nc4 exf4 23.gxf4 g5
24.fxg5 hxg5 25.Ne3 Rxf1+ 26.Rxf1 Bxb2 27.Qxb2 Bc8 28.Qe2 Bd7 29.Qh5 Qg7
30.Nf5 Bxf5 31.Rxf5 Qd4+ 32.Rf2 Qg7 33.Rf5 Qd4+ 34.Rf2 Qg7 35.Rf5 Nxe4 36.Bxe4 Qd4+
37.Kg2 Qxe4+ 38.Rf3 Ra2+ 39.Kh3 g4+ 40.Qxg4+ Qxg4+ 41.Kxg4 Rxh2 42.Rc3 Rh7
43.Kf5 Kf8 44.Ke4 Ke8 45.Rg3 Rh4+ 46.Kf5 Rd4 47.Ke6 Re4+ 48.Kf6 Kd7 49.Rg5 Rf4+
50.Rf5 Rb4 51.Rh5 Rxb5 52.Rh7+ Kc8 53.Ke6 Kb7 54.Rh1 Rc5 55.Rd1 b5 56.Rd4 Rc4
57.Rd3 b4 58.Kd7 Kb6 59.Kc8 Rc5 60.Rd1 b3 61.Rb1 Rb5 62.Kd7 b2 63.Kc8 Kc5
64.Kxc7 Kxd5  0-1

[Event "Serbia Cup"]
[Site "Zlatibor SRB"]
[Date "2008.06.17"]
[Round "2"]
[White "Petrov,G MKD"]
[Black "Sekulic,D"]
[Result "1-0"]
[WhiteElo "2262"]
[BlackElo "2351"]

1.Nf3 Nf6 2.c4 g6 3.g3 Bg7 4.Bg2 O-O 5.O-O d6 6.d4 Nc6 7.Nc3 e5 8.dxe5 dxe5
9.Bg5 Be6 10.Nd5 Bxd5 11.Bxf6 Qxf6 12.cxd5 Nd4 13.e3 Nb5 14.Nd2 Qe7 15.Qb3 Nd6
16.e4 f5 17.Rac1 Bh6 18.Rc2 Rf7 19.Qd3 Raf8 20.a4 Kh8 21.Nc4 Qe8 22.b3 a6
23.Re2 f4 24.f3 Qe7 25.Nxd6 cxd6 26.Bh3 fxg3 27.hxg3 Qg5 28.Kg2 Rc7 29.Rc2 Rff7
30.Be6 Qe3 31.Qxe3 Bxe3 32.Re2 Bg5 33.Bxf7 Rxf7 34.Rc2 h5 35.Rc8+ Kg7 36.Rf2 Be3
37.Rfc2 Bb6 38.b4 a5 39.b5 g5 40.Rc1 g4 41.Rf1 h4 42.gxh4 Rf4 43.Rb8 Bc5
44.Rxb7+ Kg6 45.h5+ Kxh5 46.Rg7 gxf3+ 47.Rxf3 Kh6 48.Rxf4  1-0

[Event "Serbia Cup"]
[Site "Zlatibor SRB"]
[Date "2008.06.19"]
[Round "4"]
[White "Tadic,Br"]
[Black "Brenjo,S"]
[Result "1/2-1/2"]
[WhiteElo "2495"]
[BlackElo "2490"]

1.Nf3 Nf6 2.c4 g6 3.g3 Bg7 4.Bg2 O-O 5.O-O d6 6.d4 Nc6 7.Nc3 Bf5 8.d5 Na5
9.Nd4 Bd7 10.b3 c5 11.dxc6 bxc6 12.Bb2 Rb8 13.Rb1 c5 14.Nc2 Nc6 15.Qd2 a5
16.Ba1 Qc8 17.a4 Bh3 18.Nb5 Rd8 19.Ne3 Bxg2 20.Kxg2 e6 21.f3 Nb4 22.Rbc1 d5
23.Be5 d4 24.Nc2 Nxc2 25.Rxc2 Ng4 26.Bf4 e5 27.fxg4 exf4 28.Qxf4 Rb7 29.Rd2 Re7
30.Rf2 Qc6+ 31.Qf3 Qe8 32.Rd3 Bh6 33.h4 Be3 34.Rf1 Bh6 35.Rf2 Be3 36.Rf1 Bh6  1/2-1/2

[Event "Serbia Cup"]
[Site "Zlatibor SRB"]
[Date "2008.06.21"]
[Round "6"]
[White "Tadic,Br"]
[Black "Simic,Dragi"]
[Result "1/2-1/2"]
[WhiteElo "2495"]
[BlackElo "2334"]

1.Nf3 Nf6 2.c4 g6 3.g3 Bg7 4.Bg2 O-O 5.O-O d6 6.d4 Nc6 7.d5 Na5 8.Qa4 c5
9.Bd2 b6 10.Bc3 Bd7 11.Qc2 Bf5 12.Qc1 a6 13.Nbd2 b5 14.b3 Rb8 15.Nh4 Bd7
16.e4 e5 17.dxe6 Bxe6 18.f4 bxc4 19.bxc4 Nxc4 20.Nxc4 Bxc4 21.Rd1 Be6 22.e5 Ne8
23.exd6 Bxc3 24.Qxc3 Rb6 25.f5 gxf5 26.d7 Bxd7 27.Qxc5 Qf6 28.Rac1 Rb5 29.Qa7 Be6
30.Qxa6 Qe5 31.Re1 Qd4+ 32.Kh1 Rb2 33.Rcd1 Rd2 34.Rxd2 Qxd2 35.Qe2 Qxa2 36.Qxa2 Bxa2
37.Nxf5 Be6 38.Nd4 Bd7 39.h3 Nf6 40.Kh2 h6  1/2-1/2

[Event "White Nights Open"]
[Site "St Petersburg RUS"]
[Date "2008.06.24"]
[Round "4"]
[White "Orlov,O2"]
[Black "Smirnov,Arty"]
[Result "1-0"]
[WhiteElo "2285"]
[BlackElo "2060"]

1.Nf3 Nf6 2.c4 g6 3.g3 Bg7 4.Bg2 O-O 5.O-O d6 6.d4 Nbd7 7.Nc3 e5 8.e3 c6
9.b3 e4 10.Nd2 d5 11.f3 exf3 12.Bxf3 Nb6 13.Bb2 Re8 14.c5 Nbd7 15.e4 dxe4
16.Ndxe4 Nxe4 17.Nxe4 Nf6 18.Nd6 Re7 19.d5 Nxd5 20.Bxg7 Kxg7 21.Bxd5 cxd5
22.Qxd5 Be6 23.Qe5+ Kg8 24.Rae1 Rd7 25.Ne4 Rd3 26.Nf6+ Kf8 27.Nxh7+ Kg8 28.Nf6+ Kf8
29.Ng4  1-0

[Event "TCh-TUR"]
[Site "Kocaeli TUR"]
[Date "2008.06.28"]
[Round "8"]
[White "Yagiz,Y"]
[Black "Erdogdu,M"]
[Result "1/2-1/2"]
[WhiteElo "2280"]
[BlackElo "2434"]

1.Nf3 Nf6 2.c4 g6 3.g3 Bg7 4.Bg2 O-O 5.O-O d6 6.d4 Nc6 7.Nc3 a6 8.Re1 Bd7
9.Rb1 e5 10.d5 Ne7 11.c5 Ne8 12.b4 h6 13.a4 f5 14.Ba3 g5 15.b5 b6 16.cxb6 cxb6
17.bxa6 Rxa6 18.Nd2 e4  1/2-1/2

[Event "White Nights Open"]
[Site "St Petersburg RUS"]
[Date "2008.06.28"]
[Round "8"]
[White "Orlov,O2"]
[Black "Utkin,Alek"]
[Result "1-0"]
[WhiteElo "2285"]
[BlackElo "2420"]

1.Nf3 Nf6 2.c4 g6 3.g3 Bg7 4.Bg2 O-O 5.O-O d6 6.d4 Nbd7 7.Nc3 e5 8.b3 Re8
9.e3 c6 10.Bb2 e4 11.Nd2 d5 12.f3 exf3 13.Qxf3 dxc4 14.bxc4 Nc5 15.Nd5 Ncd7
16.Nxf6+ Nxf6 17.e4 Bg4 18.Qf2 Be6 19.h3 Nd7 20.Rab1 f6 21.g4 Bh6 22.d5 Bf7
23.h4 Qe7 24.g5 fxg5 25.e5 gxh4 26.e6 Bxe6 27.dxe6 Qxe6 28.Ne4 h3 29.Bxh3 Qxc4
30.Nf6+ Nxf6 31.Qxf6 Qc5+ 32.Kh1 Qd5+ 33.Rf3  1-0

[Event "White Nights Open"]
[Site "St Petersburg RUS"]
[Date "2008.06.28"]
[Round "8"]
[White "Lupik,M"]
[Black "Fedoseev,S"]
[Result "0-1"]
[WhiteElo "2129"]
[BlackElo "2175"]

1.Nf3 Nf6 2.c4 g6 3.g3 Bg7 4.Bg2 O-O 5.O-O c6 6.Nc3 d5 7.cxd5 cxd5 8.d3 d4
9.Nb5 Nc6 10.Bd2 Bf5 11.Qa4 e5 12.Rfc1 Re8 13.h3 a6 14.Na3 e4 15.dxe4 Nxe4
16.Be1 Nd6 17.g4 Be4 18.Rd1 b5 19.Qb3 a5 20.Rdc1 a4 21.Qd1 Qb6 22.Bd2 b4
23.Nc4 Nxc4 24.Rxc4 Bd5 25.Rcc1 b3 26.a3 d3 27.Be3 Rxe3 28.fxe3 Qxe3+ 29.Kf1 dxe2+
30.Qxe2 Qxe2+ 31.Kxe2 Bxb2 32.Kd2 Rd8 33.Ke3 Bxa1 34.Rxa1 b2 35.Rb1 Rb8 36.Ne1 Ba2
37.Be4 Bxb1 38.Bxb1 Rb3+ 39.Kd2 Rxa3 40.Nd3 Rb3 41.Kc2 Nb4+  0-1

[Event "TCh-TUR"]
[Site "Kocaeli TUR"]
[Date "2008.06.30"]
[Round "11"]
[White "Esen,B"]
[Black "Secer,A"]
[Result "1-0"]
[WhiteElo "2451"]
[BlackElo "2306"]

1.Nf3 Nf6 2.c4 g6 3.g3 Bg7 4.Bg2 O-O 5.O-O d5 6.cxd5 Nxd5 7.Nc3 Nb6 8.d4 Nc6
9.e3 Re8 10.d5 Na5 11.Nd4 Bd7 12.Nb3 Nxb3 13.axb3 Qc8 14.e4 e6 15.Bf4 exd5
16.exd5 Bf5 17.Nb5 Be5 18.Rc1 Bxb2 19.Rxc7 Qd8 20.Rxb7 Bc8 21.Rxa7 Ba6 22.Rxa6 Rxa6
23.Nc7 Ra1 24.Qd2 Rxf1+ 25.Bxf1 Re4 26.Qxb2 Rxf4 27.gxf4 Qxc7 28.Qd4 Qd6
29.Bg2 f6 30.Bf3 Kf7 31.b4 Ke7 32.Kg2 Kd8 33.Kf1 Kc7 34.Ke2 Nd7 35.Bg4 f5
36.Bf3 Qa6+ 37.Ke1 Kd6 38.Qc3 Ke7 39.Qg7+ Kd6 40.Qxh7 Qa1+ 41.Ke2 Qa6+ 42.Ke1 Qa1+
43.Bd1 Qc3+ 44.Kf1 Qd3+ 45.Be2 Qxd5 46.Qxg6+ Kc7 47.Kg1 Qd2 48.Bf3 Qxb4 49.Qxf5 Kd6
50.Kg2 Ke7 51.h4 Nf8 52.Qe5+ Kf7 53.h5 Nd7 54.Bd5+ Kf8 55.Qe6 Qxf4 56.Qxd7 Qg5+
57.Kf1 Qxh5 58.Qd8+ Kg7 59.Qe7+  1-0

[Event "Svein Johannessen Mem"]
[Site "Oslo NOR"]
[Date "2008.06.30"]
[Round "6"]
[White "Skrondal,I"]
[Black "Hansen,LH"]
[Result "1-0"]
[WhiteElo "2189"]
[BlackElo "2072"]

1.Nf3 g6 2.c4 Nf6 3.g3 Bg7 4.Bg2 O-O 5.O-O d6 6.d4 c6 7.Nc3 Qa5 8.e4 Qh5
9.e5 dxe5 10.Nxe5 Qxd1 11.Rxd1 Nbd7 12.f4 Nb6 13.h3 Nfd7 14.b3 f6 15.Nxd7 Nxd7
16.Ba3 Re8 17.d5 Nb8 18.dxc6 bxc6 19.Nd5  1-0

[Event "Svein Johannessen Mem"]
[Site "Oslo NOR"]
[Date "2008.07.01"]
[Round "9"]
[White "Kveinys,A"]
[Black "Hebden,M"]
[Result "1/2-1/2"]
[WhiteElo "2515"]
[BlackElo "2506"]

1.Nf3 Nf6 2.c4 g6 3.g3 Bg7 4.Bg2 O-O 5.O-O d6 6.Nc3 Nc6 7.d4 Rb8 8.Bd2 e5
9.dxe5 dxe5 10.Bg5 h6 11.Qxd8 Rxd8 12.Bxf6 Bxf6 13.Nd5 Bg7 14.Rfd1 Be6 15.Nd2 Nd4
16.Nxc7 Bg4 17.f3 Bd7 18.Kf2 Bf8 19.Nd5 Be6 20.Nb3 b5 21.Nxd4 exd4 22.b3 bxc4
23.bxc4 Rb2 24.Kf1 Bc5 25.Nf4 Bxc4 26.Rdc1 Bxe2+ 27.Nxe2 d3 28.Rxc5 dxe2+
29.Ke1 Rd1+ 30.Rxd1 exd1=Q+ 31.Kxd1 Rxg2 32.Rc2 Rg1+ 33.Kd2 h5 34.Ke3 Ra1
35.Kf4 Kg7 36.h4 a5 37.g4 hxg4 38.fxg4 Rf1+ 39.Kg3 Rd1 40.g5 Rd3+ 41.Kg4 Rd4+
42.Kg3 Re4 43.Rc5 Ra4 44.Rc2 Kf8 45.Re2 Rc4 46.Re5 a4 47.Re3 Rb4 48.Kh3 Kg7
49.Kg3 Rd4 50.Kh3 Rc4 51.Kg3 f5 52.gxf6+ Kxf6 53.Rf3+ Ke5 54.Re3+ Kf6  1/2-1/2

[Event "XXXI Open"]
[Site "Barbera del Valles ESP"]
[Date "2008.07.05"]
[Round "2"]
[White "Butuc,M"]
[Black "Albets Armengol,R"]
[Result "1-0"]
[WhiteElo "2188"]
[BlackElo "1979"]

1.Nf3 Nf6 2.c4 g6 3.g3 Bg7 4.Bg2 O-O 5.O-O c5 6.d4 d6 7.Nc3 cxd4 8.Nxd4 a6
9.b3 Qc7 10.Bb2 Nc6 11.Rc1 Nxd4 12.Qxd4 Bd7 13.Nd5 Qd8 14.Qd2 Nxd5 15.Bxg7 Kxg7
16.cxd5 Rc8 17.Rxc8 Qxc8 18.Rc1 Qb8 19.Qc3+ f6 20.Qe3 Kf7 21.Rc4 Bf5 22.Qh6 Kg8
23.Bh3 Bxh3 24.Qxh3 f5 25.Qh6 b5 26.Rc6 Rc8 27.Qe3 Rxc6 28.Qe6+ Kf8 29.dxc6 b4
30.Qd7 Qb5 31.Qb7 Qd5 32.Qb8+ Kf7 33.c7 Qd1+ 34.Kg2 Qd5+ 35.f3 Qd2 36.c8=Q Qxe2+
37.Kh3 Qf1+ 38.Kh4 g5+ 39.Kxg5 h6+ 40.Kxh6  1-0

[Event "XVII Burgas Open"]
[Site "Ourense ESP"]
[Date "2008.07.05"]
[Round "3"]
[White "Paunovic,D"]
[Black "Milchev,N"]
[Result "1-0"]
[WhiteElo "2539"]
[BlackElo "2356"]

1.Nf3 Nf6 2.c4 g6 3.g3 Bg7 4.Bg2 O-O 5.O-O d6 6.d4 Nc6 7.Nc3 a6 8.h3 Rb8
9.Be3 Bd7 10.Rc1 e5 11.dxe5 dxe5 12.Nd5 Ne4 13.Qc2 Nd6 14.Rfd1 Nf5 15.Bc5 Nfd4
16.Nxd4 Nxd4 17.Qd2 Re8 18.e3 Ne6 19.Be7 Qc8 20.Ba3 e4 21.Ne7+ Rxe7 22.Bxe7 Bc6
23.h4 Qe8 24.Bb4 g5 25.hxg5 Nxg5 26.Bc3 f6 27.Qe2 Bd7 28.Rd5 h5 29.Qd2 Bc6
30.Rf5 Rd8 31.Qe2 Rd6 32.Rd1 Qd7 33.Rxd6 Qxf5 34.Rd8+ Kf7 35.Qxh5+ Ke7 36.Rg8  1-0